| 000 | 01037nam a22002657a 4500 | ||
|---|---|---|---|
| 003 | DO-SdBNP | ||
| 005 | 20230517145734.0 | ||
| 008 | 151118b 2008 mx |||| 00| 0 spa d | ||
| 020 | _a9788483068076 | ||
| 040 |
_aBPMSU _bspa _cBPMSU |
||
| 082 | 4 |
_a920 _bB562c 2008 _222 |
|
| 100 | 1 |
_aBetancourt Pulecio, Ingrid, _d1961- |
|
| 245 | 1 | 0 |
_aCartas a mamá : _bdesde el infierno / _cIngrid Betancourt, Mélanie y Lorenzo Delloye-Betancourt ; prefacio de Élie Wiesel. |
| 260 |
_aBarcelona : _bRandom House Mondadori : Debate, _c2008. |
||
| 300 |
_a76 p. ; _c19 cm |
||
| 490 | 0 | _aPúblico | |
| 534 |
_aTítulo original : _tLettres à maman par-delà l'enfer. |
||
| 590 | _aInventariado, 2023/VM | ||
| 600 | 1 | 4 |
_aBetancourt Pulecio, Ingrid, _d1961- _xCorrespondencia, memorias, etc. |
| 600 | 1 | 4 |
_aDelloye-Betancourt, Mélanie _xCorrespondencia, memorias, etc |
| 600 | 1 | 4 |
_aDelloye-Betancourt, Lorenzo _xCorrespondencia, memorias, etc. |
| 700 | 1 |
_aWiesel, Elie, _d1928- |
|
| 910 | _aVMateo V. Control de calidad (BPMSU) | ||
| 942 |
_2ddc _cBK |
||
| 999 |
_c8772 _d8772 |
||